000
00289nam a22001337a 4500
008
170622b xxu||||| |||| 00| 0 eng d
020
_a
978-1-60229-969-6
041
_a
eng
080
_a
324
100
_a
21
101
_a
SHP
245
_a
AMERICAN GOVERNMENT
_c
TURNER
942
_2
udc
_c
BK
999
_c
18784
_d
18784